[Event "Tourn. n8585"]
[Site "www.chess-mail.com"]
[Date "2016.02.08"]
[Round "1"]
[White "Neo"]
[Black "Hundegana"]
[WhiteElo "1880"]
[BlackElo "1890"]
[Result "0-1"]
[Round "1"]
1.d4 d5
2.e3 f5
3.g3 g6
4.Bf1g2 e6
5.Ng1f3 Bf8g7
6.Nf3e5 Nb8d7
7.Ne5xd7 Bc8xd7
8.O-O Ng8f6
9.c3 O-O
10.b4 Bd7b5
11.Rf1e1 Qd8d7
12.a4 Bb5c4
13.a5 a6
14.Nb1a3 Qd7c6
15.Na3xc4 Qc6xc4
16.Bc1b2 Nf6e4
17.Bg2xe4 fxe4
18.Qd1g4 Ra8e8
19.Ra1c1 Qc4b3
20.Bb2a1 Qb3c4
21.Re1e2 h5
22.Qg4xg6 Qc4xe2
23.Rc1f1 Qe2g4
24.Qg6xg4 hxg4
25.Ba1b2 b6
26.axb6 cxb6
27.Rf1a1 Re8a8
28.Bb2a3 b5
29.Ba3b2 Kh7
30.Kg2 Kg6
31.Bb2c1 e5
32.dxe5 Bg7xe5
33.Bc1d2 Rf8f7
34.Bd2e1 Rf7c7
35.Ra1a3 Kg5
36.Kg1 Rc7a7
37.Kg2 a5
38.bxa5 Ra7xa5
39.Ra3xa5 Ra8xa5
40.c4 Ra5a1
{ resign }
0-1

[Event "Tourn. n8568"]
[Site "www.chess-mail.com"]
[Date "2016.02.08"]
[Round "1"]
[White "Duff"]
[Black "Azulmarino"]
[WhiteElo "1700"]
[BlackElo "1690"]
[Result "1-0"]
[Round "1"]
1.e4 e5
2.Ng1f3 Nb8c6
3.Bf1c4 h6
4.d4 f6
5.dxe5 fxe5
6.Nf3xe5 Nc6xe5
7.Qd1h5 g6
8.Qh5xe5 Qd8e7
9.Qe5xh8 Qe7xe4
10.Bc4e2 Qe4xc2
11.Nb1c3 Ng8e7
12.O-O d6
13.Bc1xh6 Qc2f5
14.Qh8xf8 Qf5xf8
15.Bh6xf8 Kxf8
16.Be2f3 c5
17.Nc3d5 Ne7f5
18.Rf1e1 Nf5d4
19.Bf3e4 Bc8e6
20.Nd5c7 Ra8c8
21.Nc7xe6 Nd4xe6
22.Be4xb7 Rc8b8
23.Re1xe6 Rb8xb7
24.Re6xd6 Rb7xb2
25.Rd6xg6 c4
26.Rg6c6 Rb2c2
27.Rc6c7 a5
28.Ra1b1 { resign }
1-0

[Event "Tourn. n8605"]
[Site "www.chess-mail.com"]
[Date "2016.02.08"]
[Round "1"]
[White "Malbertan"]
[Black "Bojan"]
[WhiteElo "2020"]
[BlackElo "2050"]
[Result "1-0"]
[Round "1"]
1.e4 e5
2.Ng1f3 Nb8c6
3.Bf1c4 d6
4.d4 Qd8e7
5.Bc1g5 Ng8f6
6.Nb1c3 Qe7d8
7.dxe5 dxe5
8.Qd1xd8 Nc6xd8
9.Nf3xe5 Nd8e6
10.Bg5xf6 gxf6
11.Ne5g4 Ne6d4
12.Ng4xf6 Ke7
13.Nf6d5 Kd8
14.O-O-O c5
15.Nd5f6 Ke7
16.e5 Bf8g7
17.Nc3d5 Kd8
18.c3 Nd4e6
19.Nd5b6 Kc7
20.Nb6xa8 Kb8
21.Na8b6 axb6
22.Nf6d7 Kc7
23.Bc4xe6 fxe6
24.Nd7f6 h6
25.Rd1d3 c4
26.Rd3g3 Bg7xf6
27.exf6 Rh8f8
28.Rg3g7 Kd6
29.Rh1d1 Ke5
30.Rg7g6 Kf5
31.Rg6xh6 Kg5
32.Rh6h3 e5
33.Rh3g3 Kh5
34.Rd1d5 Rf8xf6
35.Rd5xe5 Kh6
36.Re5e8 Bc8f5
37.Re8h8 { resign }
1-0

[Event "Tourn. n8501"]
[Site "www.chess-mail.com"]
[Date "2016.02.08"]
[Round "1"]
[White "Genius7"]
[Black "Huw"]
[WhiteElo "2020"]
[BlackElo "2150"]
[Result "0-1"]
[Round "1"]
1.c4 e5
2.Nb1c3 Ng8f6
3.Ng1f3 Nb8c6
4.d4 exd4
5.Nf3xd4 Bf8b4
6.Nd4xc6 bxc6
7.Bc1d2 O-O
8.e3 d5
9.Bf1e2 Bc8a6
10.cxd5 Ba6xe2
11.Qd1xe2 cxd5
12.a3 Bb4a5
13.O-O c5
14.Rf1d1 Ra8b8
15.Ra1b1 Rf8e8
16.Qe2d3 d4
17.exd4 cxd4
18.Nc3b5 Ba5b6
19.Rd1e1 Re8e6
20.Re1xe6 fxe6
21.Bd2f4 Rb8c8
22.h3 Qd8d5
23.Nb5d6 Rc8c6
24.Nd6b5 e5
25.Bf4g5 e4
26.Qd3f1 Qd5xg5
27.a4 e3
28.f4 Qg5c5
29.Kh1 a6
{ resign }
0-1

[Event "Tourn. n8589"]
[Site "www.chess-mail.com"]
[Date "2016.02.08"]
[Round "1"]
[White "Caspito"]
[Black "Towerbridge"]
[WhiteElo "1700"]
[BlackElo "1560"]
[Result "1-0"]
[Round "1"]
1.e4 d6
2.d4 Ng8f6
3.Nb1c3 g6
4.Bc1g5 h6
5.Bg5xf6 exf6
6.d5 Bf8g7
7.Bf1d3 O-O
8.Ng1e2 Rf8e8
9.O-O Nb8d7
10.Ne2f4 Nd7e5
11.a3 Ne5xd3
{ time. }
1-0

[Event "Tourn. n8524"]
[Site "www.chess-mail.com"]
[Date "2016.02.08"]
[Round "1"]
[White "Cathar"]
[Black "Tartan"]
[WhiteElo "2310"]
[BlackElo "2390"]
[Result "0-1"]
[Round "1"]
1.e4 c5
2.Ng1f3 e6
3.d3 Nb8c6
4.g3 d5
5.Nb1d2 g6
6.Bf1g2 Bf8g7
7.O-O Ng8e7
8.c3 O-O
9.Rf1e1 b6
10.e5 Qd8c7
11.Qd1e2 Bc8a6
12.Nd2f1 d4
13.c4 b5
14.b3 bxc4
15.bxc4 Ra8b8
16.h4 Ba6b7
17.Nf1h2 h5
18.g4 Rf8e8
19.gxh5 gxh5
20.Bc1g5 Ne7g6
21.Bg5f6 Bg7xf6
22.exf6 Nc6b4
23.Nf3e5 Qc7xe5
24.Qe2xe5 Ng6xe5
25.Re1xe5 Bb7xg2
26.Kxg2 Nb4xd3
27.Re5g5 Kh7
28.Kf3 Kh6
29.Ra1d1 e5
{ resign }
0-1

[Event "Tourn. n8513"]
[Site "www.chess-mail.com"]
[Date "2016.02.08"]
[Round "1"]
[White "Trazyne"]
[Black "Falcoale"]
[WhiteElo "1659"]
[BlackElo "1850"]
[Result "1-0"]
[Round "1"]
1.e4 c5
2.c3 Nb8c6
3.d4 cxd4
4.cxd4 e6
5.Ng1f3 b6
6.Nb1c3 a6
7.d5 exd5
8.exd5 Nc6a7
9.d6 f6
10.Bf1c4 b5
11.Qd1e2 Ng8e7
12.dxe7 Bf8xe7
13.Bc4b3 Bc8b7
14.O-O Na7c6
15.Bc1f4 Nc6a5
16.Bb3d5 Ra8c8
17.Rf1e1 Na5c6
18.Nc3e4 Nc6d4
19.Ne4d6 Kf8
20.Nf3xd4 Bb7xd5
21.Nd6xc8 { resign }
1-0

[Event "Tourn. n8532"]
[Site "www.chess-mail.com"]
[Date "2016.02.08"]
[Round "1"]
[White "Neo"]
[Black "Osopanda"]
[WhiteElo "1880"]
[BlackElo "1930"]
[Result "0-1"]
[Round "1"]
1.d4 d5
2.e3 Ng8f6
3.g3 c6
4.Bf1g2 g6
5.Ng1f3 Bf8g7
6.Nf3e5 O-O
7.O-O Nb8d7
8.Ne5xd7 Bc8xd7
9.c3 Rf8e8
10.b4 e5
11.dxe5 Re8xe5
12.a4 Nf6e4
13.Bc1b2 Re5h5
14.Nb1d2 Bd7h3
15.Nd2xe4 dxe4
16.Qd1xd8 Ra8xd8
17.Ra1d1 Rd8xd1
18.Rf1xd1 Bh3xg2
19.Kxg2 Rh5d5
20.Rd1b1 Rd5d3
21.c4 Rd3b3
22.b5 Rb3xb2
23.Rb1d1 cxb5
24.axb5 Rb2c2
25.Rd1d7 Rc2xc4
26.Rd7xb7 Rc4a4
27.Rb7b8 Bg7f8
28.h4 Kg7
29.b6 axb6
30.Rb8xb6 Bf8c5
31.Rb6b2 Ra4c4
32.Rb2b7 Rc4c2
33.Rb7c7 h6
34.Rc7c6 g5
35.hxg5 hxg5
36.Rc6c8 f5
37.Rc8c7 Kg6
38.Rc7c6 Kh5
39.Rc6c8 f4
40.gxf4 gxf4
41.exf4 Rc2xf2
42.Kg3 Rf2f3
43.Kg2 Bc5e3
44.Rc8h8 Kg6
45.Rh8g8 Kf7
46.Rg8g3 Rf3f2
47.Kh3 Be3xf4
48.Rg3g2 Rf2f3
49.Kg4 Kf6
50.Rg2e2 Ke5
51.Re2e1 Bf4d2
52.Re1e2 Rf3d3
53.Re2g2 e3
54.Kf3 Kd4
55.Ke2 Rd3a3
56.Rg2g4 Kc3
57.Rg4g3 Kc2
58.Rg3f3 Ra3a1
59.Rf3f1 Ra1xf1
60.Kxf1 Kd1
{ resign }
0-1

[Event "Tourn. n8546"]
[Site "www.chess-mail.com"]
[Date "2016.02.08"]
[Round "1"]
[White "Rons"]
[Black "Manolinex"]
[WhiteElo "2610"]
[BlackElo "2890"]
[Result "0-1"]
[Round "1"]
1.e4 c5
2.Ng1f3 d6
3.d4 cxd4
4.Nf3xd4 Ng8f6
5.Nb1c3 a6
6.Bc1e3 e5
7.Nd4b3 Bc8e6
8.f3 Bf8e7
9.Qd1d2 h5
10.O-O-O Nb8d7
11.Kb1 Ra8c8
12.Nc3d5 Nf6xd5
13.exd5 Be6f5
14.Bf1d3 Bf5xd3
15.Qd2xd3 Be7g5
16.Be3f2 Qd8c7
17.h4 Bg5f4
18.g3 Bf4h6
19.c3 b5
20.g4 Bh6f4
21.Rh1g1 hxg4
22.fxg4 Nd7f6
23.g5 Nf6h5
24.Qd3e2 Kf8
25.Qe2g4 Rc8b8
26.Nb3d2 Qc7c8
27.Nd2e4 Qc8xg4
28.Rg1xg4 Ke7
29.Rd1g1 Rh8c8
30.b3 a5
31.Kb2 a4
32.Rg1e1 Rb8a8
33.Rg4g1 Ra8a5
34.Re1b1 f5
35.Ne4g3 Nh5xg3
36.Bf2xg3 Bf4d2
37.Bg3e1 a3
38.Ka1 Bd2xc3
39.Be1xc3 Rc8xc3
40.h5 f4
41.Rb1c1 Rc3xc1
42.Rg1xc1 b4
43.Rc1c7 Kf8
44.Rc7c8 Kf7
45.Rc8c7 Kg8
46.Kb1 Ra5xd5
47.Rc7b7 e4
48.Rb7xb4 f3
49.Rb4xe4 f2
{ resign }
0-1

[Event "Tourn. n8609"]
[Site "www.chess-mail.com"]
[Date "2016.02.08"]
[Round "1"]
[White "Attatroll"]
[Black "Bojan"]
[WhiteElo "2020"]
[BlackElo "2080"]
[Result "0-1"]
[Round "1"]
1.Ng1f3 g6
2.d4 Bf8g7
3.c4 d5
4.e3 Ng8f6
5.Nb1c3 c6
6.b3 Nf6e4
7.Nc3xe4 dxe4
8.Nf3d2 f5
9.Bc1b2 e6
10.Bf1e2 Nb8d7
11.O-O c5
12.Qd1c2 Qd8c7
13.d5 Nd7e5
14.Ra1d1 h5
15.f4 Ne5g4
16.Be2xg4 hxg4
17.Rf1f2 Rh8h7
18.Nd2f1 exd5
19.Rd1xd5 Bc8e6
20.Rd5d1 Bg7h6
21.Qc2d2 g5
22.Qd2d6 Qc7xd6
23.Rd1xd6 Ke7
24.Bb2e5 gxf4
25.exf4 Ra8d8
26.Rf2d2 Rd8c8
27.Nf1e3 Rh7f7
28.Ne3d5 Be6xd5
29.Rd6xh6 Bd5e6
30.Be5d6 Kd7
31.Bd6xc5 Kc6
32.Bc5xa7 Rc8e8
33.b4 b5
34.c5 Rf7d7
35.Rd2xd7 Kxd7
36.Rh6h7 Kc6
37.Ba7b6 Re8a8
38.Rh7h6 Kd5
39.c6 Ra8xa2
40.c7 Ra2c2
41.Bb6c5 e3
42.Rh6xe6 Rc2c1

0-1

[Event "Tourn. n8510"]
[Site "www.chess-mail.com"]
[Date "2016.02.08"]
[Round "1"]
[White "Genius7"]
[Black "Xkafi"]
[WhiteElo "2050"]
[BlackElo "2000"]
[Result "1/2-1/2"]
[Round "1"]
1.Ng1f3 Ng8f6
2.c4 c5
3.d4 cxd4
4.Nf3xd4 g6
5.Nb1c3 Bf8g7
6.e4 Qd8b6
7.Bf1e2 d6
8.Nd4b3 Nb8a6
9.O-O h5
10.Bc1e3 Qb6c6
11.f3 Bc8e6
12.Nb3d4 Qc6d7
13.Nd4xe6 Qd7xe6
14.Qd1d2 Na6c5
15.Kh1 a6
16.Nc3d5 Nf6xd5
17.cxd5 Qe6d7
18.Ra1c1 b6
19.b3 h4
20.b4 Nc5a4
21.Rc1c6 b5
22.Rf1c1 O-O
23.Rc6c7 Qd7d8
24.Be2d1 Qd8b8
25.Bd1xa4 bxa4
26.a3 Bg7f6
27.Be3d4 Bf6xd4
28.Qd2xd4 Qb8b5
29.Qd4c4 Rf8e8
30.Qc4xb5 axb5
31.h3 Ra8b8
{ draw }
1/2-1/2

[Event "Tourn. n8549"]
[Site "www.chess-mail.com"]
[Date "2016.02.08"]
[Round "1"]
[White "Tonino1"]
[Black "Xkafi"]
[WhiteElo "2040"]
[BlackElo "2010"]
[Result "1-0"]
[Round "1"]
1.d4 d5
2.Ng1f3 f6
3.e3 Bc8g4
4.Bf1d3 Nb8c6
5.a3 e5
6.dxe5 fxe5
7.Bd3e2 Ng8f6
8.b3 h6
9.Bc1b2 Bf8d6
10.Nb1d2 Qd8d7
11.h3 e4
12.Nf3d4 Bg4xe2
13.Qd1xe2 Bd6e5
14.Ra1b1 Nc6xd4
15.exd4 Be5f4
16.g3 Bf4d6
17.c4 c6
18.c5 Bd6c7
19.Nd2f1 O-O
20.g4 Rf8f7
21.Nf1e3 Nf6h7
22.Ne3f5 Nh7g5
23.Qe2e3 Ra8f8
24.Ke2 Kh7
25.h4 Ng5f3
26.Rh1h3 Rf8e8
27.Rb1h1 Re8e6
28.Bb2c1 Rf7f6
29.Nf5g3 Bc7f4
30.Qe3c3 Bf4xc1
31.Rh1xc1 Rf6f4
32.g5 Re6g6
33.Rc1h1 Qd7g4
34.Kf1 Qg4e6
35.Ng3h5 Rf4f7
36.Qc3e3 Qe6g4
37.Nh5g3 Kg8
38.gxh6 Rg6xh6
39.h5 Qg4g5
40.Qe3xg5 Nf3xg5
41.Rh3h4 e3
42.f4 Ng5f3
43.Rh4g4 Nf3xd4
44.b4 Nd4c2
45.Ke2 d4
46.Kd3 Nc2xa3
47.Kxd4 Rf7e7
48.Ng3f5 Na3c2
49.Kc3 Rh6e6
50.Nf5xe7 Re6xe7
51.Kxc2 { resign }
1-0

[Event "Tourn. n8559"]
[Site "www.chess-mail.com"]
[Date "2016.02.08"]
[Round "1"]
[White "Gatrooper"]
[Black "Azulmarino"]
[WhiteElo "1630"]
[BlackElo "1690"]
[Result "1-0"]
[Round "1"]
1.e4 e5
2.a3 Ng8f6
3.Nb1c3 Bf8c5
4.d3 d6
5.Bc1e3 Nf6g4
6.Be3xc5 dxc5
7.h3 Ng4f6
8.Ng1f3 a6
9.Nf3g5 h6
10.Nc3e2 Bc8e6
11.Ng5xe6 fxe6
12.Ne2g3 Nb8c6
13.Ng3h5 Nf6xh5
14.Qd1xh5 Kd7
15.Qh5f7 Nc6e7
16.Qf7f3 Rh8f8
17.Qf3g4 Rf8g8
18.d4 exd4
19.Bf1c4 Kc8
20.Bc4xe6 Kb8
21.Be6xg8 Ne7xg8
22.O-O d3
23.cxd3 Ka7
24.Qg4f5 Qd8xd3
25.Qf5xc5 b6
26.Qc5xc7 { resign }
1-0

[Event "Tourn. n8599"]
[Site "www.chess-mail.com"]
[Date "2016.02.08"]
[Round "1"]
[White "Maredocla"]
[Black "Pimax"]
[WhiteElo "2080"]
[BlackElo "2270"]
[Result "0-1"]
[Round "1"]
1.e3 e5
2.b3 d5
3.Bc1b2 Nb8c6
4.g3 Ng8f6
5.Ng1e2 Bc8g4
6.Bf1g2 Bf8e7
7.h3 Bg4d7
8.d3 O-O
9.Nb1d2 Rf8e8
10.Ne2c3 Bd7e6
11.Qd1e2 Be7b4
12.a3 Bb4a5
13.b4 Ba5b6
14.Nc3a4 Be6f5
15.g4 Bf5g6
16.h4 h6
17.g5 hxg5
18.hxg5 Nf6h7
19.Qe2g4 Nh7xg5
20.Nd2f3 Ng5h7
21.O-O-O a6
22.Rh1h4 Bb6a7
23.Rd1h1 b5
24.Na4c3 e4
25.Nf3g5 f5
26.Qg4g3 Qd8xg5
27.Qg3xc7 Nc6e5
28.Nc3xd5 Ne5xd3
29.Kb1 Nd3xb2
30.Kxb2 Ba7b8
31.Qc7c6 Bb8e5
32.c3 Qg5xg2
33.Nd5b6 Ra8d8
34.Nb6d7 Qg2xf2
35.Kb3 Bg6f7
{ resign }
0-1

[Event "Tourn. n8530"]
[Site "www.chess-mail.com"]
[Date "2016.02.08"]
[Round "1"]
[White "Awfen"]
[Black "Expert"]
[WhiteElo "2060"]
[BlackElo "1910"]
[Result "1-0"]
[Round "1"]
1.e4 e5
2.Ng1f3 Nb8c6
3.Bf1c4 Bf8c5
4.O-O Ng8f6
5.b4 Bc5b6
6.c3 d6
7.d4 exd4
8.cxd4 O-O
9.a3 Nf6xe4
10.d5 Nc6b8
11.Bc1b2 Ne4f6
12.Nb1c3 a6
13.Qd1d2 Bc8g4
14.Nf3g5 Bg4h5
15.Nc3e4 Nf6xe4
16.Ng5xe4 Bh5g6
17.Qd2c3 f6
18.Ne4g5 Bg6f7
19.Ng5e6 Bf7xe6
20.dxe6 d5
21.Ra1d1 c6
22.Bc4d3 Qd8e7
23.Rf1e1 a5
24.Bd3f5 axb4
25.axb4 Nb8a6
26.b5 cxb5
27.Rd1xd5 b4
28.Qc3h3 g6
29.Rd5d7 { resign }
1-0

[Event "Match"]
[Site "www.echecsemail.com"]
[Date "2016.02.08"]
[Round "1"]
[White "Canario"]
[Black "Chtoubidou"]
[WhiteElo "1830"]
[BlackElo "1890"]
[Result "1/2-1/2"]
[Round "1"]
1.e4 d5
2.exd5 Ng8f6
3.Nb1c3 Nf6xd5
4.Nc3xd5 Qd8xd5
5.d4 e5
6.dxe5 Qd5xe5
7.Qd1e2 Qe5xe2
8.Bf1xe2 Bc8f5
9.Be2d3 Bf5xd3
10.cxd3 Nb8c6
11.Bc1f4 O-O-O
12.Ra1d1 Bf8b4
13.Bf4d2 Rh8e8
14.Ng1e2 Rd8xd3
15.Bd2xb4 Rd3xd1
16.Kxd1 Nc6xb4
17.a3 Nb4a6
18.Ne2c3 c6
19.Rh1e1 Re8xe1
20.Kxe1 Kd7
21.Ke2 Na6c5
22.Ke3 a5
23.h4 Ke6
24.g4 b5
25.f4 b4
26.axb4 axb4
27.Nc3e2 Nc5a4
28.b3 Na4c5
29.Ne2d4 Kd7
30.Kd2 Nc5e6
31.Nd4f3 Ne6xf4
32.Nf3e5 Ke6
33.Ne5xc6 Nf4d5
34.Kd3 h5
35.g5 f5
36.Kd4 f4
37.Ke4 Kd6
38.Nc6d4 g6
39.Nd4e2 f3
40.Kxf3 Ke5
41.Ne2c1 Kd4
42.Ke2 Nd5f4
43.Kf3 Nf4d3
44.Nc1e2 Ke5
45.Ke3 Nd3c5
46.Ne2d4 Kd5
47.Nd4c2 Nc5xb3
48.Nc2xb4 Ke5
49.Nb4d3 Kf5
50.Nd3f2 { draw }
1/2-1/2

[Event "Match"]
[Site "www.echecsemail.com"]
[Date "2016.02.08"]
[Round "1"]
[White "Pare123"]
[Black "Delacey"]
[WhiteElo "1930"]
[BlackElo "1990"]
[Result "0-1"]
[Round "1"]
1.c4 e5
2.Nb1c3 Ng8f6
3.e4 Bf8e7
4.Ng1f3 Nb8c6
5.Bf1e2 O-O
6.O-O d6
7.h3 Nf6e8
8.a3 Bc8d7
9.d4 Qd8c8
10.Kh2 f5
11.d5 Nc6d8
12.Be2d3 f4
13.b4 Rf8f6
14.Rf1h1 Nd8f7
15.Kg1 Rf6g6
16.Kf1 a6
17.Qd1c2 Rg6h6
18.Bc1b2 Nf7g5
19.Nf3xg5 Be7xg5
20.f3 Ne8f6
21.c5 Nf6h5
22.Ke1 Nh5g3
23.Rh1g1 Bd7xh3
24.gxh3 Rh6xh3
25.Nc3e2 Bg5h4
26.Kd2 Rh3h2
27.Ra1e1 Qc8h3
28.Qc2d1 Ng3h1
29.Rg1xh1 Bh4xe1
30.Rh1xe1 Qh3xf3
31.Kc3 Ra8f8
32.Ne2g1 Qf3g3
33.Bb2c1 f3
34.Re1f1 f2
35.Ng1e2 Qg3h3
36.Bc1d2 Rf8f3
37.Ne2c1 h6
38.Kc2 Rf3g3
39.Qd1e2 Rg3g2
40.Bd2e3 g5
41.Kb3 g4
42.Rf1xf2 g3
43.Rf2xg2 Rh2xg2
44.Qe2f1 Qh3h2
45.Bd3e2 h5
46.Be2xh5 Rg2b2
47.Ka4 Qh2xh5
48.Nc1d3 b5
49.Ka5 Rb2e2
50.Qf1g1 g2
51.Nd3e1 Qh5h1
52.Ne1f3 Re2a2
53.Kxa6 Ra2xa3
54.Kxb5 Ra3a1
55.cxd6 cxd6
56.Kb6 Ra1xg1
57.Nf3xg1 Qh1h4
58.Kc6 Qh4xe4
59.Be3b6 Qe4xb4
60.Bb6f2 Kf7
61.Bf2b6 e4
{ resign }
0-1

[Event "Match"]
[Site "www.echecsemail.com"]
[Date "2016.02.08"]
[Round "1"]
[White "0o0o0"]
[Black "Paco"]
[WhiteElo "1369"]
[BlackElo "1970"]
[Result "1-0"]
[Round "1"]
1.e4 e5
2.Ng1f3 Nb8c6
3.Bf1b5 Bf8d6
4.O-O a6
5.Bb5a4 b5
6.Ba4b3 Ng8f6
7.Rf1e1 O-O
8.c3 Bd6c5
9.d4 exd4
10.cxd4 Bc5b6
11.e5 Nf6g4
12.h3 Ng4h6
13.Bc1xh6 gxh6
14.Qd1d2 Kg7
15.Re1e4 Bc8b7
16.Re4g4 Kh8
17.Qd2xh6 Rf8g8
18.Nf3g5 Rg8xg5
{ time. }
1-0

[Event "Match"]
[Site "www.echecsemail.com"]
[Date "2016.02.08"]
[Round "1"]
[White "Trucker44"]
[Black "Chessexpert"]
[WhiteElo "1499"]
[BlackElo "1480"]
[Result "1-0"]
[Round "1"]
1.e4 c5
2.Nb1c3 a6
3.d3 d6
4.Nc3d5 e6
5.Nd5f4 Nb8c6
6.c4 Ng8f6
7.a4 Bf8e7
8.h4 h6
9.Ng1f3 O-O
10.Bf1e2 Qd8c7
11.g3 Bc8d7
12.b3 Nc6d4
{ time. }
1-0

[Event "Match"]
[Site "www.echecsemail.com"]
[Date "2016.02.08"]
[Round "1"]
[White "Darknight"]
[Black "Paco"]
[WhiteElo "1650"]
[BlackElo "1930"]
[Result "0-1"]
[Round "1"]
1.e4 e5
2.Bf1c4 Ng8f6
3.d3 Bf8c5
4.h3 d5
5.exd5 Nf6xd5
6.Qd1f3 Bc8e6
7.Bc4b3 Nb8c6
8.c3 Nd5f4
9.d4 Bc5b6
10.Bb3c2 Be6d5
11.Bc2e4 Bd5xe4
12.Qf3xe4 O-O
13.Bc1e3 exd4
14.Be3xf4 Rf8e8
15.Nb1d2 Re8xe4
16.Nd2xe4 Qd8d5
17.f3 dxc3
18.Ne4xc3 Ra8e8
19.Ng1e2 Bb6a5
20.O-O Qd5c4
21.Rf1e1 Nc6b4
22.Ra1c1 Nb4d3
23.Bf4d2 Nd3xc1
24.Re1xc1 Qc4h4
25.Rc1e1 g5
26.a3 g4
27.fxg4 Re8e6
28.b4 Ba5b6
29.Kh2 Bb6f2
30.Re1f1 Re6d6
31.Bd2f4 Rd6f6
32.g3 Bf2xg3
33.Ne2xg3 Rf6c6
34.Nc3e4 Rc6c2
35.Ne4f2 Qh4d8
36.Ng3f5 Qd8d3
37.Bf4g3 Qd3xf1
38.Nf5e3 Rc2xf2
{ resign }
0-1

[Event "Match"]
[Site "www.echecsemail.com"]
[Date "2016.02.08"]
[Round "1"]
[White "Ssharp"]
[Black "Liencam2"]
[WhiteElo "2250"]
[BlackElo "2360"]
[Result "0-1"]
[Round "1"]
1.e4 c5
2.Ng1f3 e6
3.d4 cxd4
4.Nf3xd4 a6
5.Bf1d3 Ng8f6
6.O-O d6
7.c4 g6
8.Nb1c3 Bf8g7
9.Bc1e3 Nb8d7
10.Rf1e1 O-O
11.Bd3f1 d5
12.exd5 exd5
13.cxd5 Nd7b6
14.Nd4b3 Nb6xd5
15.Bf1c4 Bc8e6
16.Bc4xd5 Nf6xd5
17.Nc3xd5 Be6xd5
18.Be3c5 Qd8g5
19.f3 Bd5xb3
{ resign }
0-1

[Event "Match"]
[Site "www.echecsemail.com"]
[Date "2016.02.08"]
[Round "1"]
[White "Neoncrash"]
[Black "Gimmyg"]
[WhiteElo "1930"]
[BlackElo "2490"]
[Result "0-1"]
[Round "1"]
1.d4 d6
2.Ng1f3 f5
3.Nb1c3 Ng8f6
4.Bc1g5 e6
5.e4 h6
6.Bg5xf6 Qd8xf6
7.e5 dxe5
8.Nf3xe5 g6
9.Bf1e2 Bf8d6
 { time }
0-1

[Event "Match"]
[Site "www.echecsemail.com"]
[Date "2016.02.08"]
[Round "1"]
[White "Pare123"]
[Black "Chtoubidou"]
[WhiteElo "1900"]
[BlackElo "1900"]
[Result "1-0"]
[Round "1"]
1.c4 c6
2.Nb1c3 d5
3.cxd5 cxd5
4.d4 Ng8f6
5.Ng1f3 Nb8c6
6.h3 Bc8f5
7.Bc1f4 e6
8.Nf3h4 Bf5g6
9.Nh4xg6 hxg6
10.e3 Bf8d6
11.Bf4g5 Qd8b6
12.Bg5xf6 gxf6
13.Qd1d2 Bd6b4
14.a3 Bb4xc3
15.Qd2xc3 Ra8c8
16.Qc3d2 Nc6a5
17.Ra1b1 Na5b3
18.Qd2b4 Qb6xb4
19.axb4 Rc8c1
20.Rb1xc1 Nb3xc1
21.Bf1b5 Ke7
22.O-O Nc1a2
23.Rf1a1 Na2xb4
24.Ra1xa7 Rh8b8
25.Kf1 Kd6
26.Ke2 Nb4c6
27.Bb5xc6 bxc6
28.Ra7xf7 Rb8xb2
29.Kf3 { resign }
1-0

[Event "Match"]
[Site "www.echecsemail.com"]
[Date "2016.02.08"]
[Round "1"]
[White "Ztornad"]
[Black "Paco"]
[WhiteElo "1770"]
[BlackElo "1860"]
[Result "1-0"]
[Round "1"]
1.e4 e5
2.Bf1c4 Ng8f6
3.Qd1e2 Bf8c5
4.Ng1f3 d6
5.h3 h6
6.Nb1c3 Bc8e6
7.Bc4xe6 fxe6
8.a3 Nb8c6
9.Qe2b5 a6
10.Qb5d3 g5
11.b4 Bc5d4
12.Nf3xd4 exd4
13.Nc3e2 e5
14.b5 axb5
15.Qd3xb5 Ra8a7
16.Ne2g3 Qd8d7
17.Qb5c4 h5
18.d3 h4
19.Ng3f5 Ra7a5
20.Bc1xg5 Ra5c5
21.Qc4a4 Qd7d8
22.Nf5g7 Kf7
23.Ng7f5 Qd8d7
24.Nf5xh4 Rh8g8
25.Bg5xf6 Kxf6
26.Qa4b3 Nc6a5
27.Qb3xg8 Qd7g7
28.Qg8d8 Ke6
29.O-O Rc5xc2
30.Ra1c1 Rc2c3
31.Qd8e8 Qg7e7
32.Qe8g6 Kd7
33.Rc1xc3 dxc3
34.Nh4f5 Qe7e6
35.Qg6g7 Kc6
36.Qg7g5 Qe6a2
37.Qg5c1 c2
38.Nf5e3 Na5b3
39.Qc1xc2 Qa2xc2
40.Ne3xc2 b5
41.Nc2b4 Kb6
42.Rf1b1 Nb3d2
43.Rb1c1 c5
44.Nb4d5 Ka5
45.g4 Ka4
46.g5 Kxa3
47.g6 Nd2f3
48.Kg2 Nf3h4
49.Kg3 Nh4xg6
50.Rc1a1 Kb2
51.Ra1a6 b4
52.Ra6xd6 { resign }
1-0

[Event "Match"]
[Site "www.echecsemail.com"]
[Date "2016.02.08"]
[Round "1"]
[White "Expert"]
[Black "Krystek23"]
[WhiteElo "1910"]
[BlackElo "2130"]
[Result "0-1"]
[Round "1"]
1.e4 c5
2.g3 e6
3.Bf1g2 Nb8c6
4.Ng1e2 d6
5.d4 cxd4
6.Ne2xd4 Ng8f6
7.O-O a6
8.Nb1c3 Bc8d7
9.Bc1e3 Bf8e7
10.h3 Nc6e5
11.Nd4b3 Bd7c6
12.Nb3d4 Bc6d7
13.Qd1e2 Qd8c7
14.Kh1 O-O
15.Ra1d1 Ra8c8
16.f4 Ne5c4
17.Be3c1 b5
18.g4 h6
19.Rf1f3 b4
20.Nc3b1 e5
21.Nd4f5 Bd7xf5
22.exf5 exf4
23.Rf3xf4 d5
24.Rd1e1 { time. }
0-1

[Event "Match"]
[Site "www.echecsemail.com"]
[Date "2016.02.08"]
[Round "1"]
[White "Pare123"]
[Black "Expert"]
[WhiteElo "1930"]
[BlackElo "1910"]
[Result "1-0"]
[Round "1"]
1.c4 f5
2.Nb1c3 Ng8f6
3.e3 e5
4.Ng1f3 d6
5.Bf1e2 Bf8e7
6.h3 O-O
7.d3 Nb8c6
8.a3 a5
9.O-O Kh8
10.d4 e4
11.Nf3d2 d5
12.c5 g5
13.f3 Rf8g8
14.Rf1f2 Bc8e6
15.Nd2f1 h6
16.Nf1h2 Qd8e8
17.Nc3b5 Qe8d7
18.a4 Ra8f8
19.Bc1d2 Nf6h7
20.f4 Rf8f7
21.Be2h5 Rf7g7
22.Kf1 gxf4
23.exf4 Nh7f6
24.Bd2e3 Nf6xh5
25.Qd1xh5 Kh7
26.b3 Be6f7
27.Qh5e2 Nc6b4
28.Qe2d2 c6
{ time. }
1-0

[Event "1/64 Finale"]
[Site "www.chess-mail.com"]
[Date "2016.02.08"]
[Round "1"]
[White "Maredocla"]
[Black "Guidom"]
[WhiteElo "2080"]
[BlackElo "2090"]
[Result "0-1"]
[Round "1"]
1.f4 d5
2.Ng1f3 Nb8c6
3.b3 e6
4.Bc1b2 Ng8f6
5.e3 Bc8d7
6.d4 Nf6e4
7.Nb1d2 Bf8b4
8.Bf1d3 Ne4xd2
9.Nf3xd2 f5
10.c3 Bb4d6
11.g4 Qd8h4
12.Kf1 fxg4
13.Qd1e2 g3
14.Kg2 gxh2
15.Rh1xh2 Qh4f6
16.Ra1g1 O-O-O
17.Kf1 g6
18.Nd2f3 Rd8f8
19.Rh2h6 Nc6e7
20.Qe2h2 Ne7f5
21.Bd3xf5 Qf6xf5
22.Qh2d2 Bd7b5
23.Kf2 c5
24.Bb2a3 b6
25.Rg1g5 Qf5e4
26.Nf3e5 Qe4b1
27.Rg5g1 Qb1f5
28.dxc5 bxc5
29.c4 Bd6xe5
30.cxb5 Be5d6
31.Rg1g5 Qf5xg5
32.Rh6h2 Bd6xf4
33.exf4 Rf8xf4
34.Ke2 Qg5e5
35.Kd1 Rf4d4
{ resign }
0-1

[Event "1/128 Finale"]
[Site "www.chess-mail.com"]
[Date "2016.02.08"]
[Round "1"]
[White "Prize64"]
[Black "Biggles"]
[WhiteElo "1799"]
[BlackElo "1809"]
[Result "1-0"]
[Round "1"]
1.e4 e5
2.Ng1f3 Nb8c6
3.Bf1b5 Ng8f6
4.d3 Bf8c5
5.c3 O-O
6.O-O d6
7.h3 Bc8d7
8.Rf1e1 Rf8e8
9.Nb1d2 a6
10.Bb5a4 b5
11.Ba4b3 Nc6e7
12.d4 exd4
13.cxd4 Bc5b6
14.Nd2f1 Ne7g6
15.e5 dxe5
16.dxe5 Nf6h5
17.Nf3g5 Nh5f4
18.Bc1xf4 Ng6xf4
19.Ng5xf7 Qd8e7
20.Nf7d6 Kh8
21.Nd6xe8 Bd7xh3
22.Qd1f3 Qe7g5
23.g3 Bh3xf1
24.Re1xf1 Nf4e2
25.Kg2 Ra8xe8
26.Qf3xe2 Re8xe5
27.Qe2d3 { resign }
1-0

[Event "Fast Game"]
[Site "www.echecsemail.com"]
[Date "2016.02.08"]
[Round "1"]
[White "Add"]
[Black "Maredocla"]
[WhiteElo "1739"]
[BlackElo "1840"]
[Result "0-1"]
[Round "1"]
1.e4 e5
2.Ng1f3 Nb8c6
3.d4 exd4
4.Nf3xd4 Qd8f6
5.Nd4f3 Bf8c5
6.c3 Nc6e5
7.Nb1d2 d6
8.h3 g5
9.Nd2b3 g4
10.Nb3xc5 gxf3
11.g3 dxc5
12.Bc1f4 Bc8d7
13.Bf4xe5 Qf6xe5
14.Qd1xf3 Ng8f6
15.Bf1d3 O-O-O
16.O-O-O Bd7a4
17.Rd1e1 Qe5e6
18.Kb1 Nf6d7
19.Qf3e2 Nd7e5
20.Bd3c2 Ba4xc2
21.Qe2xc2 Ne5f3
22.Re1e3 Nf3e5
23.f4 Ne5c4
24.Re3e2 Rd8d6
25.e5 Rd6a6
26.Qc2b3 Ra6b6
27.Qb3a4 Rb6a6
28.Qa4b3 Rh8d8
29.a3 Nc4d2
{ resign }
0-1

[Event "Fast Game"]
[Site "www.echecsemail.com"]
[Date "2016.02.08"]
[Round "1"]
[White "Mahak"]
[Black "Elogic"]
[WhiteElo "1599"]
[BlackElo "1609"]
[Result "0-1"]
[Round "1"]
1.e4 e5
2.Bf1c4 Ng8f6
3.Nb1c3 c6
4.d4 b5
5.Bc4b3 exd4
6.Qd1xd4 c5
7.Qd4e5 Bf8e7
8.Nc3xb5 Qd8a5
9.Nb5c3 Nb8c6
10.Qe5g3 Nf6xe4
 { time }
0-1

[Event "Tourn. n8581"]
[Site "www.chess-mail.com"]
[Date "2016.02.09"]
[Round "1"]
[White "Odin"]
[Black "Ff333"]
[WhiteElo "1830"]
[BlackElo "1980"]
[Result "1-0"]
[Round "1"]
1.d4 d5
2.e3 Ng8f6
3.Nb1d2 e6
4.Ng1f3 Nb8c6
5.Bf1b5 Bc8d7
6.O-O a6
7.Bb5a4 Bf8d6
8.h3 O-O
9.c3 h6
10.b4 Qd8e8
11.Rf1e1 Nc6a7
12.Ba4c2 Na7b5
13.Bc1b2 Qe8e7
14.a4 Nb5a7
15.e4 dxe4
16.Nd2xe4 Nf6xe4
17.Bc2xe4 Ra8b8
18.d5 e5
19.Nf3h2 Qe7g5
20.Bb2c1 Qg5e7
21.Qd1f3 c6
22.Qf3g3 Kh8
23.Bc1xh6 gxh6
24.Qg3e3 Na7c8
25.Qe3xh6 { resign }
1-0

[Event "Tourn. n8479"]
[Site "www.chess-mail.com"]
[Date "2016.02.09"]
[Round "1"]
[White "Forest"]
[Black "Billyg"]
[WhiteElo "1570"]
[BlackElo "1620"]
[Result "1-0"]
[Round "1"]
1.f4 d6
2.Ng1f3 Nb8d7
3.e4 e5
4.d3 Nd7c5
5.Bc1e3 Bc8g4
6.Bf1e2 h6
7.O-O b6
8.fxe5 Qd8e7
9.Nb1c3 O-O-O
10.exd6 Rd8xd6
11.Qd1e1 Bg4xf3
12.Be2xf3 Nc5e6
13.Nc3d5 Qe7d7
14.Qe1f2 Qd7b5
15.c4 Qb5e8
16.b4 Ng8f6
17.a4 Nf6xd5
18.cxd5 Ne6g5
19.Be3xg5 f6
20.Bg5f4 Rd6d7
21.a5 g5
22.axb6 cxb6
23.Rf1c1 Kb7
24.Bf4g3 Qe8d8
25.e5 a6
26.d6 Ka7
27.exf6 Qd8xf6
28.Rc1c7 Rd7xc7
29.dxc7 Bf8d6
30.Bg3xd6 Qf6xd6
31.Ra1c1 Rh8c8
32.Rc1c6 Qd6xb4
33.h3 Qb4b1
34.Kh2 Qb1b4
35.Rc6xh6 Rc8xc7
36.Rh6h8 Qb4d6
37.g3 Rc7c6
38.Bf3xc6 Qd6xc6
39.Rh8h7 Kb8
40.Qf2f8 { resign }
1-0